| 000 | 01108pam a2200361 a 4500 | ||
|---|---|---|---|
| 001 | 5725 | ||
| 003 | FISKH | ||
| 005 | 20251022110614.0 | ||
| 008 | 970610s1997 nyua b 000 1 eng | ||
| 010 | _a 97025787 | ||
| 020 | _a0679884645 (trade) | ||
| 020 | _a067998464X (lib. bdg.) | ||
| 020 | _a9780679884644 | ||
| 040 |
_aDLC _cDLC _dDLC _beng |
||
| 050 | _aPZ7.B81618 | ||
| 082 | _a813 | ||
| 100 | 1 | _aBrown, Marc | |
| 245 | 1 | 0 |
_aArthur tricks the tooth fairy / _cMarc Brown. |
| 260 |
_aNew York : _bRandom House, _c1997. |
||
| 300 |
_a24 pages : _bcolor illustrations ; _c23 cm |
||
| 500 | _a"Step into reading sticker books." | ||
| 505 | _aJ | ||
| 520 | _aJealous when Arthur loses a tooth and receives a quarter for it, his sister tries to trick the Tooth Fairy into also visiting her. | ||
| 521 | 8 |
_a500 _bLexile |
|
| 521 | 8 |
_aJ
_bRaz-Plus |
|
| 650 | 1 |
_aTooth Fairy _xFiction. |
|
| 650 | 1 |
_aTeeth _xFiction. |
|
| 650 | 1 |
_aAnimals _xFiction. |
|
| 650 | 1 |
_aSiblings _xFiction. |
|
| 906 |
_a7 _bcbc _corignew _d1 _eocip _f19 _gy-gencatlg |
||
| 942 |
_2ddc _cBK _n0 |
||
| 999 |
_c5725 _d5725 |
||